Can you name the taylor swift album/era from these photos - eras tour - Statistics

General Stats
  • This quiz has been taken 331 times
  • The average score is 16 of 16
Answer Stats
Picture Answer % Correct
speak now
100%
evermore
99%
folklore
99%
lover
99%
midnights
99%
red
99%
reputation
99%
1989
98%
1989
98%
fearless
98%
folklore
98%
lover
98%
midnights
98%
red
98%
speak now
98%
fearless
97%
No matching quizzes found
Score Distribution
Percent of People with Each Score
Percentile by Number Answered
Your Score History
You have not taken this quiz